La chasse au modèle : l'État social suédois en science politique (notice n° 1631501)
[ vue normale ]
| 000 -LEADER | |
|---|---|
| fixed length control field | 01474cam a2200169 4500500 |
| 005 - DATE AND TIME OF LATEST TRANSACTION | |
| control field | 20260111105814.0 |
| 041 ## - LANGUAGE CODE | |
| Language code of text/sound track or separate title | fre |
| 042 ## - AUTHENTICATION CODE | |
| Authentication code | dc |
| 100 10 - MAIN ENTRY--PERSONAL NAME | |
| Personal name | Aucante, Yohann |
| Relator term | author |
| 245 00 - TITLE STATEMENT | |
| Title | La chasse au modèle : l'État social suédois en science politique |
| 260 ## - PUBLICATION, DISTRIBUTION, ETC. | |
| Date of publication, distribution, etc. | 2002.<br/> |
| 500 ## - GENERAL NOTE | |
| General note | 72 |
| 520 ## - SUMMARY, ETC. | |
| Summary, etc. | Résumé La réputation du modèle suédois n’est plus à faire. Pourtant, elle repose sur un certain nombre d’équivoques qui tiennent, entre autres, à la dominance du parti social-démocrate et à l’idée que les prestations sociales sont fondées sur le principe d’universalité. Un retour sur l’histoire et sur la philosophie de l’État social, dans ses rapports avec la social-démocratie, permet d’apporter des correctifs importants à ce tableau idyllique. |
| 520 ## - SUMMARY, ETC. | |
| Summary, etc. | The popular success of the the Swedish model rhetoric has partly rested upon a series of misconceptions and ambiguities, due to the long incumbency of the social democratic party and to an uncritical emphasis on universality as the key principle of social policies. Casting a renewed look at the history and actual philosophy of the welfare state, in relationship to the role of social democracy, may help correct a number of conventional wisdoms about the Swedish case. |
| 786 0# - DATA SOURCE ENTRY | |
| Note | Raisons politiques | 6 | 2 | 2002-05-01 | p. 117-133 | 1291-1941 |
| 856 41 - ELECTRONIC LOCATION AND ACCESS | |
| Uniform Resource Identifier | <a href="https://shs.cairn.info/revue-raisons-politiques-2002-2-page-117?lang=fr&redirect-ssocas=7080">https://shs.cairn.info/revue-raisons-politiques-2002-2-page-117?lang=fr&redirect-ssocas=7080</a> |
Pas d'exemplaire disponible.




Réseaux sociaux